00790nam a22002177a 450000500170000000800410001702000180005804000070007604100120008308200160009510000320011124500490014326000610019230000260025336500570027965000210033665000260035794200120038399900190039595201580041420260415113716.0260415b |||||||| |||| 00| 0 eng d a9789354660108 cAL aEnglish a515.9bPUNM aSudhir Kumar Pundir9261617 aModern analysisb: Topology of metric spaces aNew DelhibCBS publishers and distributors pvt Ltdc2021 a402 p.bPBc24x17 cm. aVBI-2645b₹356.25c₹d₹475.00e25%f20-02-2026 aTopology9261618 ametric spaces9261619 2ddccBK c241242d241242 00102ddc40708ISEaSEbSEd2026-04-07eVidyathri Books, Bengaluru-560076g356.25l0o515.9 PUNMpSE000463r2026-04-15 11:38:21v475.00w2026-02-20yBK